Normal view
MARC view
- Muhammad Imran Nawaz
Entry Personal Name
001 - CONTROL NUMBER
- control field: 4543
003 - CONTROL NUMBER IDENTIFIER
- control field: NUST
005 - DATE AND TIME OF LATEST TRANSACTION
- control field: 20170911133126.0
008 - FIXED-LENGTH DATA ELEMENTS
- fixed length control field: 170911|| aca||aabn | a|a d
040 ## - CATALOGING SOURCE
- Original cataloging agency: NUST
- Transcribing agency: NUST
100 ## - HEADING--PERSONAL NAME
- Personal name: Muhammad Imran Nawaz
670 ## - SOURCE DATA FOUND
- Source citation: Work cat.: (NUST): Muhammad Imran Nawaz , Sensors Data Fusion through Kalman Filtering [MS Thesis] /, March,2017
